000 04843cam a22008294i 4500
003 PE-LiUPU
005 20250731180104.0
008 131115s2013 mx a r 000 0 spa d
020 _a6071509254
020 _a9786071509253
035 _a(Sirsi) i9786071509253
040 _aCKJAV
_bspa
_cCKJAV
_dZZAND
_dPE-LiUPU
_erda
049 _aPRUA
082 0 4 _a531.11
_bB39
082 0 4 _a531.11
_bB39 1
082 0 4 _a531.11
_bB39 2
100 1 _aBeer, Ferdinand P.,
_eautor.
245 1 0 _aMecánica vectorial para ingenieros :
_bEstática /
_cFerdinand P. Beer, E. Russell John Jr., David F. Mazurek ; revisión técnica Javier León Cárdenas, Miguel Angel Rios Sánchez, Enrique Zamora Gallardo.
250 _aDécima edición.
264 1 _aMéxico, D.F. :
_bMcGraw-Hill Interamericana,
_c2013.
300 _a489 páginas :
_bilustraciones ;
_c27centímetros.
336 _atext
_2rdacontent
337 _aunmediated
_2rdamedia
338 _avolume
_2rdacarrier
504 _aIncluye índice analítico.
505 0 _aEstática de partículas -- Cuerpos rígidos. Sistemas equivalentes de fuerzas -- Equilibrio de cuerpos rígidos -- Fuerzas distribuidas. Centroides y centros de gravedad -- Análisis de estructuras -- Fuerzas en vigas y cables -- Fricción -- Fuerzas distribuidas. Momentos de inercia -- Método del trabajo virtual.
526 _aSEG44
526 _aSEG26
526 _aP159
526 _aP155
526 _aP154
526 _aP153
526 _aP150
526 _aP100
526 _aP31
526 _aP30
526 _aP26
526 _aP25
526 _aP24
526 _aP22
526 _aP15
526 _aP10
650 0 4 _aAnálisis vectorial.
650 0 4 _aDinámica.
650 0 4 _aEstática.
650 0 4 _aMecánica aplicada.
650 0 4 _aMecánica.
700 1 _aJohnston Jr., E. Russell,
_eautor.
700 1 _aMazurek, David F.,
_eautor.
700 1 _aLeón Cárdenas, Javier,
_erevisor.
700 1 _aRios Sánchez, Miguel Angel
_erevisor.
910 _btqv
_crmch
_d20170124
910 _btqv
_caic
_d20170222
942 _2ddc
_cBOOK
949 _a531.11 B39 2013
_wDEWEY
_c1
_iFJ05861
_lCCODEBUJ1
_mBUJ
_p28.00
_r0
_sY
_tBOOK
_u2017-01-24
_xINGENIERIA
_PP25
_0COMPRA
_o.STAFF. Colección General Juliaca
949 _a531.11 B39 2013
_wDEWEY
_c2
_iFJ05862
_lCCODEBUJ1
_mBUJ
_p28.00
_r0
_sY
_tBOOK
_u2017-01-24
_xINGENIERIA
_PP25
_0COMPRA
_o.STAFF. Colección General Juliaca
994 _aC0
_bPEPRU
596 _a1 3
999 _a531.11 B39 1
_wDEWEY
_c18864
_i71123
_d18864
_e2019-11-13
_f2021-11-9
_g7
_lCCODEBUL1
_mBUL
_n52
_p29.30
_q7
_r0
_sY
_tBOOK
_u2015-5-22
_xINGENIERIA
_PP25
_0COMPRA
_o.STAFF. Colección General
999 _a531.11 B39 1
_wDEWEY
_c2
_i71124
_d2019-10-10
_e2018-5-20
_f2021-11-9
_g7
_lCCODEBUL1
_mBUL
_n39
_p29.30
_q5
_r0
_sN
_tBOOK
_u2015-5-22
_xINGENIERIA
_PP25
_0COMPRA
_o.STAFF. Colección General
999 _a531.11 B39 1
_wDEWEY
_c3
_i71125
_d2016-11-14
_e2016-11-14
_kCHECKEDOUT
_lLOST
_mBUL
_n14
_p29.30
_rM
_sY
_tBOOK
_u2015-5-22
_xINGENIERIA
_PP25
_0COMPRA
_o.STAFF. Colección General
999 _a531.11 B39 1
_wDEWEY
_c4
_i71126
_d2019-5-29
_e2019-5-24
_f2021-11-9
_g7
_lCCODEBUL1
_mBUL
_n47
_p29.30
_q16
_r0
_sY
_tBOOK
_u2015-5-22
_xINGENIERIA
_PP25
_0COMPRA
_o.STAFF. Colección General
999 _a531.11 B39 2
_wDEWEY
_c1
_i67362
_d2019-1-10
_e2017-10-19
_f2021-11-9
_g7
_lCCODEBUL1
_mBUL
_n9
_p71.00
_q2
_r0
_sN
_tBOOK
_u2013-5-30
_xINGENIERIA
_PP25
_0COMPRA
_o.STAFF. Colección General
999 _a531.11 B39 2
_wDEWEY
_c2
_i71127
_d2019-10-23
_e2019-10-21
_f2021-11-9
_g7
_lCCODEBUL1
_mBUL
_n8
_p35.60
_q1
_r0
_sY
_tBOOK
_u2015-5-22
_xINGENIERIA
_PP25
_0COMPRA
_o.STAFF. Colección General
999 _a531.11 B39 2
_wDEWEY
_c3
_i71128
_d2019-10-31
_e2019-8-25
_f2021-11-9
_g7
_lCCODEBUL1
_mBUL
_n20
_p35.60
_r0
_sY
_tBOOK
_u2015-5-22
_xINGENIERIA
_PP25
_0COMPRA
_o.STAFF. Colección General
999 _a531.11 B39 2
_wDEWEY
_c4
_i71129
_d2019-11-24
_e2019-11-21
_f2021-11-9
_g7
_lCCODEBUL1
_mBUL
_n10
_p35.60
_q1
_r0
_sY
_tBOOK
_u2015-5-22
_xINGENIERIA
_PP25
_0COMPRA
_o.STAFF. Colección General
999 _a531.11 B39 2
_wDEWEY
_c5
_i71130
_d2019-10-14
_e2019-10-10
_f2021-11-9
_g7
_lCCODEBUL1
_mBUL
_n14
_p35.60
_r0
_sY
_tBOOK
_u2015-5-22
_xINGENIERIA
_PP25
_0COMPRA
_o.STAFF. Colección General
999 _a531.11 B39 2
_wDEWEY
_c6
_i72289
_d2019-12-1
_e2019-11-6
_f2021-11-9
_g7
_lCCODEBUL1
_mBUL
_n13
_p35.60
_q1
_r0
_sY
_tBOOK
_u2016-11-22
_xINGENIERIA
_PP06
_0COMPRA
999 _a531.11 B39 2013
_wDEWEY
_c1
_iFJ05861
_d2019-12-2
_e2019-10-29
_f2022-1-19
_g4
_lCCODEBUJ1
_mBUJ
_n22
_p28.00
_q21
_r0
_sY
_tBOOK
_u2017-1-24
_xINGENIERIA
_PP25
_0COMPRA
_o.STAFF. Colección General Juliaca
999 _a531.11 B39 2013
_wDEWEY
_c2
_iFJ05862
_d2020-2-5
_e2020-2-5
_f2019-11-18
_g3
_kCHECKEDOUT
_lCCODEBUJ1
_mBUJ
_n19
_p28.00
_q20
_rM
_sY
_tBOOK
_u2017-1-24
_xINGENIERIA
_PP25
_0COMPRA
_o.STAFF. Colección General Juliaca
980 _81
_gALBERTO SANCHEZ Responsable de Automatización